00586nam a2200181Ia 450000500170000000800410001702000150005808200210007310000190009424500540011326000620016730000280022965000140025765000150027194200060028695200970029299900150038920250320041252.0240331s9999 xx 000 0 und d a0803947542 a302.2bRIE22214 aRiessman, C. K 0aNarrative Analysis:bQualitative Research Methods aCalifornia;aLondon;aNew Delhi,bSAGE Publicationsc1993 avii, 80 p., (Volume 30) aNarrative aPsychology cL 001040708LaWERCLbWERCLcSSCd2024-03-31l0o 302.2 RIEp2214r2024-03-31w2024-03-31yL c1089d1089